000 00452nab a2200145Ia 4500
003 ES-SlBCS
005 20210601125224.0
008 140529s1969 xxu||||| |||| 00| 0 eng d
041 _aeng
100 1 _aKrishna, Daya
_9155575
245 0 4 _aThe Active and the Contemplative Values
_c Daya Krishna
650 0 4 _aValores Contemplativos
_9155576
773 0 _tPhilosophy and Phenomenological Research
_gvol. 29, 1969, págs. 414-422
_wRev1411
942 _cAR
999 _c526760
_d526760